| 000 | 00619nam a2200193 a 4500 | ||
|---|---|---|---|
| 005 | 20140310183338.0 | ||
| 008 | 061103s19uu xx 00 eng d | ||
| 020 | _a1582555036 | ||
| 050 |
_aRC 670.5.H45 _b.H46 2007 |
||
| 245 | _aHemodynamic monitoring made incredibly visual/. | ||
| 260 |
_aPhiladelphia : _bLippincott Williams & Wilkins/, _c2007. |
||
| 300 |
_a154 p. : _bcol. ill. ; _c26 cm. |
||
| 521 | _aNUR | ||
| 650 |
_aHemodynamic monitoring _xAtlases. |
||
| 650 |
_aCardiovascular system _xDiseases _xDiagnosis _xAtlases. |
||
| 650 |
_aPatient monitoring _xAtlases. |
||
| 942 |
_cBK _2lcc _kFOR |
||
| 999 |
_c21735 _d21735 |
||